Mobile Games by App Icon - Statistics

General Stats
  • This quiz has been taken 293 times
  • The average score is 17 of 25
Answer Stats
Picture Answer % Correct
Candy Crush
98%
Clash of Clans
97%
Among Us
96%
Pokemon Go
92%
Angry Birds
91%
Roblox
90%
Subway Surfers
90%
Flappy Bird
87%
Fruit Ninja
85%
Temple Run
85%
Clash Royale
81%
Brawl Stars
79%
Slither.io
75%
Cut the Rope
70%
Jetpack Joyride
68%
Hay Day
67%
Genshin Impact
63%
Pou
60%
League of Legends
48%
Where's My Water?
43%
Bad Piggies
40%
The Battle Cats
37%
Little Alchemy
36%
Fallout Shelter
34%
BADLAND
13%
No matching quizzes found
Score Distribution
Percent of People with Each Score
Percentile by Number Answered
Your Score History
You have not taken this quiz